| 000 | 03610nam a2200337 a 4500 | ||
|---|---|---|---|
| 999 |
_c1374 _d1374 |
||
| 003 | AR-BaISA | ||
| 005 | 20230808145706.0 | ||
| 006 | a||||fr|||| 00| 0 | ||
| 007 | ta | ||
| 008 | 230808s2007 ag ||||f |||| 00| 0 spa d | ||
| 020 | _a9789872321734 | ||
| 040 |
_bspa _cAR-BaISA |
||
| 082 | 0 | 4 |
_222 _a616.306 51 D716 |
| 100 |
_92995 _aDonghi, Alicia _eaut. |
||
| 245 | 1 | 0 |
_aInnovaciones de la práctica II: _banorexias, bulimias y obesidad / _cAlicia Donghi; con la colaboración de Osvaldo Rodríguez, Liliana Vázquez, Edit Beatriz endlarz y otros |
| 260 |
_aBuenos Aires: _bJCE Ediciones, _c2007 |
||
| 300 | _a303 p. | ||
| 500 | _aLa edición de este título se realiza en cumplimiento del Convenido suscripto entre la Facultad de Psicología UBA y JCE Ediciones, cf. Resolución (C.D.) Nº 1553/04. (Nota de tapa) | ||
| 500 | _aComité editorial. Constituido conforme la citada resolución Profesor Lic. Virgilio Enzo Carriolo Profesora Lic. Alicia Noelia Cayssials Profesor D. Gustavo Eduardo González Profesor Dr. David Alberto Laznik Profesor Lic. Rodolfo Ubarri | ||
| 504 | _aBibliografía al final de cada capítulo | ||
| 505 |
_tHISTORIA Y ACTUALIDAD: _tAlicia Donghi / Del vomitorium romano al vomitivo doble mensaje contemporáneo -- _tOsvaldo Rodríguez / Apuntes para una transición de la subjetividad -- _tRicardo Cababié / La histeria "historificada" -- _tMiriam Maidana / V(h)acia la china -- _tCONCEPTOS: _tLliliana Vázquez / La sexualidad en los trastornos de la alimentación -- _tJuan Ventoso / El síntoma como una-en menos -- _tMarta FInaret / Hacer posible un duelo -- _tGraciela González / Consecuencias de las situaciones abusivas en la niñez -- _tBejla Goldman / Bulimia: ¿un padecer como respuesta a nuevas modalidades del ser? -- _tAlicia Donghi / ¿Qué es un dispositivo?: dispositivos de compulsiones ligadas a la alimentación -- _tLiliana Vázquez / Del estrago...a "un estrago" -- _tSilvia González Parma / "Una princesita en el país del Nunca Jamás" -- _tPaola Argüelles / "Cosas de mujeres" -- _tAlejandra Lodeiro / "Y se viene la noche...la noche de los atracones": obesidad y bulimia -- _tANOREXIAS: _tAlicia Donghi y Silvia González Parma / Pérdida de apetito-(duelo)-pérdida de libido -- _tMaría Fernanda Cervera / Deseo de nada... -- _tIsabel Monzón / Entre Sissie emperatriz y Barbie -- _tBULIMIAS: _tAlicia Donghi y Marina Montes / ¿El vómito como partenaire? -- _tMaría Florencia Velardo / ¿El vómito como señuelo? -- _tJuan Ventoso y Valeria Morera / Madre: ¿no ves que estoy saliendo? -- _tOBESIDAD: _tAlicia Donghi / "Sobrepesos..." -- _tLiliana Vázquez / Obesidad-Obscenidad -- _tAdrián Sapeti / Obesidad y disfunción eréctil -- _tMarcela Scalone / Los dichos de la abuela -- _tDE PASAJES, SUPLENCIAS Y EXCEPCIONES: _tAlicia Donghi y Laura Alcaraz / De la cocaína a la anorexia...Abstinencia de todo -- _tVerónica Gianchino / Del cifrado fallido en el cuerpo a la impulsión al juego -- _tVerónica Gianchino / Síndrome de picao un caso de histeria moderna -- _tVerónica Gianchino / Oíd el ruido de rotas cadenas...¡Libertad! |
||
| 650 | 1 | 4 |
_91331 _aTrastornos de alimentación y de la ingestión de alimentos _vtratamiento _xpsicología |
| 650 | 1 | 4 |
_92425 _aAnorexia nerviosa _vtratamiento _xpsicología |
| 650 | 1 | 0 |
_92426 _aBulimia _vtratamiento _xpsicología |
| 650 | 1 | 4 |
_91332 _aTratamiento de la obesidad _vpsicología |
| 650 | 1 | 4 |
_9141 _aPsicoanálisis |
| 700 |
_93002 _aRodríguez, Osvaldo _eaut. |
||
| 700 |
_92997 _aVázquez, Liliana _eaut. |
||
| 700 |
_93003 _aTendlarz, Edith Beatriz |
||
| 942 |
_2ddc _cLI _e22 |
||